000 00425nam a2200181Ia 4500
001 14654
005 20260306164930.0
008 260306t1997||||xx |||||||||||||| ||spa||
041 _aESP
082 _a515.43
_bF74
100 _aKong, Maynard [1926-...]
_eAUT
245 0 _aCálculo integral
260 _c1997
300 _axiv, 321 páginas :
_c23 cm.
650 _aGEN
654 _aCMA
942 _cLIB
_dJUS
_fJUS
_2ddc
_n
999 _c14654
_d14654